01883nam a2200469 i 450000100060000000300090000600500170001500800390003201500170007102000150008804000280010304100230013108000080015408000070016208000110016908000100018011100760019024503300026624600530059624600540064926000260070330000300072933600270075933700540078633800280084038000170086838000230088550000750090850400340098354600730101765800130109065800380110364800140114164800140115564800140116965500290118365000110121265000210122370000300124470000410127485600980131530903KOSZ 00520240405063052.0180315s1995 pl g f |100 0 eng aPB 2004/2500 a8386213434 aWA NcWA NdKOSZ 005/RW0 aengafreageraspa a355 a94 a323.27 a(061)2 aInternational Colloquium of Military Historyn(20 ;d1994 ;cWarszawa).10aXX. International Colloquium of Military History, 28 August-3 September 1994, Warsaw-Poland :bnational insurgence movements science 1794 = XXe Colloque International d'Histoire Militaire : insurections nationales depuis 1794 : acta /c[editorial staff: Tadeusz Panecki, Urszula Olech ; Polish Commision of Military History].31aXXe Colloque International d'Histoire Militaire.3 aInternational Colloquium of Military History, 20. aWarsaw :bPRS,c1995. a[12], 497 stron ;c24 cm. aTekstbtxt2rdacontent aBez urządzenia pośredniczącegobn2rdamedia aWoluminbnc2rdacarrier aKsiążki. aPublikacje naukowe aTytuł równoległy: XXe Colloque International d'Histoire Militaire. aBibliografie przy referatach. aTekst w języku angielskim, francuskim, hiszpańskim i niemieckim. aHistoria aBezpieczeństwo i wojskowość 4a1701-1800 4a1801-1900 4a1901-2000 4aMateriały konferencyjne 4aWojsko 4aRuchy społeczne1 aOlech, Urszula.eRedakcja1 aPanecki, Tadeuszd(1951- )eRedakcja uhttp://koha.tu.koszalin.pl/cgi-bin/koha/opac-detail.pl?biblionumber=30903yKatalog online BPK